00504nam a2200181Ia 4500008004100000020001800041082001600059100002200075245001600097250000600113260003300119300001000152500002400162650001600186942000700202952009600209999001700305230524s9999 xx 000 0 und d a9789383182954 a510.76bSHA aR.D Sharma943447 0aMathematics a1 aNew DelhibDhanpat raic2017 a33.74 aQuantity Number: 1 aMathematics cBK 00104070aTATCLbTATCLcGENd2023-05-24l0o510.76 SHAp56195r2023-05-24w2023-05-24yBK c58863d58863